Ontología / (Record no. 50204)

MARC details
000 -LEADER
campo de control de longitud fija 00517nam a2200181 i 4500
001 - NÚMERO DE CONTROL
campo de control 50204
003 - IDENTIFICADOR DE NÚMERO DE CONTROL
campo de control ES-MaACL
007 - CAMPO FIJO DE DESCRIPCIÓN FÍSICA--INFORMACIÓN GENERAL
campo de control de longitud fija t|
008 - DATOS DE LONGITUD FIJA--INFORMACIÓN GENERAL
campo de control de longitud fija 030801s1948 sp ||||1| spa d
100 1# - ENTRADA PRINCIPAL--NOMBRE DE PERSONA
Nombre de persona Cuesta, Salvador.
9 (RLIN) 42049
245 10 - MENCIÓN DEL TÍTULO
Título Ontología /
Mención de responsabilidad, etc. Salvador Cuesta.
260 ## - PUBLICACIÓN, DISTRIBUCIÓN, ETC.
Lugar de publicación, distribución, etc. Santander :
Nombre del editor, distribuidor, etc. Sal Terrae,
Fecha de publicación, distribución, etc. 1948 (
Fabricante J. Martínez)
300 ## - DESCRIPCIÓN FÍSICA
Extensión XXIII, 526 p. ;
Dimensiones 23 cm.
490 1# - MENCIÓN DE SERIE
Mención de serie Biblioteca Comillensis
830 0# - PUNTO DE ACCESO ADICIONAL DE SERIE-TÍTULO UNIFORME
Título uniforme Biblioteca Comillensis
9 (RLIN) 181666
852 ## - LOCALIZACIÓN
Ubicación ES-MaACL
Número de control de estantería E-346
Sublocalización o colección R.26447
Holdings
Estatus retirado Estado de pérdida Estado de daño No para préstamo Biblioteca de origen Biblioteca actual Ubicación en estantería Fecha de adquisición Fuente de adquisición Total de préstamos Signatura topográfica completa Código de barras Visto por última vez Precio de reemplazo Tipo de ítem Koha
        Biblioteca del Ateneo de Madrid Biblioteca del Ateneo de Madrid Depósito 2 17/01/2008     E-346 1052810 23/02/2023 23/02/2023 Libro impreso